[Event "Zuerich op-B 30th"]
[Site "Zuerich"]
[Date "2006.12.26"]
[Round "5"]
[White "Forster, Markus"]
[Black "Miralles, Megane"]
[Result "0-1"]
[WhiteElo "1890"]
[BlackElo "1774"]
[PlyCount "52"]
[EventDate "2006.12.26"]
[EventType "swiss"]
[EventRounds "7"]
[EventCountry "SUI"]
[SourceTitle "CBM 116 Extra"]
[Source "ChessBase"]
[SourceDate "2007.03.07"]
[SourceVersion "1"]
[SourceVersionDate "2007.03.07"]
[SourceQuality "1"]

1. e4 d5 2. exd5 Nf6 3. Bb5+ Bd7 4. Bxd7+ Nbxd7 5. c4 b5 6. d3 Nc5 7. Ne2 e6 8. d4 Nce4 9. 0-0 exd5 10. cxb5 Be7 11. Nbc3 0-0 12. Nf4 Qd7 13. a4 Rad8 14. Nd3 Bd6 15. Qf3 Rfe8 16. h3 Nxc3 17. bxc3 Ne4 18. Nb4 Bxb4 19. cxb4 Qe7 20. Qb3 Qh4 21. Qc2 Re7 22. Ra3 Rd6 23. Kh2 Rf6 24. g3 Qh5 25. Kg2 Qf5 26. f3 Nxg3 0-1